Genius Level General Knowledge - Multiple Choice #5 - Statistics

General Stats
  • This quiz has been taken 40 times
  • The average score is 6 of 10
Answer Stats
Question Answer % Correct
What company introduced the phrase "You've Got Mail" in the late 1990s? American Online
76%
Who conquered Wales in 1282 AD? Edward Longshanks
76%
Which of these tycoons has a casino in Las Vegas that bears his name? Steve Wynn
68%
How did Isaac Newton lose most of his fortune? The South Sea Bubble
65%
Which of these is NOT a nickname of Australia? The Southern Expanse
62%
What is the official residence of the Pope? Apostolic Palace
59%
What is the world's most forested country – with approximately 93% of its land covered by forests? Suriname
57%
What award is given to mathematicians under the age of 40? Fields Medal
51%
With a population of 32 million, what is *technically* the most populous city in the world (though it covers an area the size of Austria)? Chongqing
43%
What Stephen King book is about a disease nicknamed Captain Trips which kills 99.4% of the human population? The Stand
41%
No matching quizzes found
Score Distribution
Percent of People with Each Score
Percentile by Number Answered
Your Score History
You have not taken this quiz